Эффекты детерминированного хаоса и странный аттрактор при радиолокации динамической системы типа растительного покрова; Письма в Журнал технической физики; Т. 28, вып. 14

Detalhes bibliográficos
Parent link:Письма в Журнал технической физики/ Российская академия наук (РАН), Физико-технический институт им. А. Ф. Иоффе (ФТИ) ; Отделение общей физики и астрономии РАН.— , 1975-.— 0320-0116
Т. 28, вып. 14.— 2002.— с. 19-25
Autor principal: Потапов А. А.
Outros Autores: Герман В. А.
Idioma:russo
Publicado em: 2002
Assuntos:
Formato: Capítulo de Livro
KOHA link:https://koha.lib.tpu.ru/cgi-bin/koha/opac-detail.pl?biblionumber=440986

MARC

LEADER 00000naa2a2200000 4500
001 440986
005 20231101081338.0
035 |a (RuTPU)RU\TPU\prd\102473 
035 |a RU\TPU\prd\8135 
090 |a 440986 
100 |a 20110314a2002 k y0rusy50 ca 
101 0 |a rus 
102 |a RU 
200 1 |a Эффекты детерминированного хаоса и странный аттрактор при радиолокации динамической системы типа растительного покрова  |f А. А. Потапов, В. А. Герман 
320 |a Библиогр.: 21 назв. 
461 1 |0 (RuTPU)RU\TPU\prd\486  |x 0320-0116  |t Письма в Журнал технической физики  |f Российская академия наук (РАН), Физико-технический институт им. А. Ф. Иоффе (ФТИ) ; Отделение общей физики и астрономии РАН  |d 1975- 
463 1 |0 (RuTPU)RU\TPU\prd\102469  |t Т. 28, вып. 14  |v с. 19-25  |d 2002 
610 1 |a детерминированный хаос 
610 1 |a аттрактор 
610 1 |a радиолокация 
610 1 |a динамические системы 
610 1 |a излучения 
610 1 |a фрактальная геометрия 
700 1 |a Потапов  |b А. А. 
701 1 |a Герман  |b В. А. 
801 1 |a RU  |b 63413507  |c 20021106  |g PSBO 
801 2 |a RU  |b 63413507  |c 20110314  |g RCR 
942 |c BK